<?xml version="1.0" encoding="UTF-8"?><?xml-stylesheet type="text/xsl" href="static/style.xsl"?><OAI-PMH xmlns="http://www.openarchives.org/OAI/2.0/" xmlns:xsi="http://www.w3.org/2001/XMLSchema-instance" xsi:schemaLocation="http://www.openarchives.org/OAI/2.0/ http://www.openarchives.org/OAI/2.0/OAI-PMH.xsd"><responseDate>2026-06-01T02:20:25Z</responseDate><request verb="GetRecord" identifier="oai:riuma.uma.es:10630/35436" metadataPrefix="marc">https://riuma.uma.es/rest/oai/request</request><GetRecord><record><header><identifier>oai:riuma.uma.es:10630/35436</identifier><datestamp>2026-02-03T11:40:21Z</datestamp><setSpec>com_10630_2254</setSpec><setSpec>col_10630_37956</setSpec></header><metadata><record xmlns="http://www.loc.gov/MARC21/slim" xmlns:dcterms="http://purl.org/dc/terms/" xmlns:doc="http://www.lyncode.com/xoai" xmlns:xsi="http://www.w3.org/2001/XMLSchema-instance" xsi:schemaLocation="http://www.loc.gov/MARC21/slim http://www.loc.gov/standards/marcxml/schema/MARC21slim.xsd">
   <leader>00925njm 22002777a 4500</leader>
   <datafield ind2=" " ind1=" " tag="042">
      <subfield code="a">dc</subfield>
   </datafield>
   <datafield ind2=" " ind1=" " tag="720">
      <subfield code="a">Vázquez-Fariñas, María</subfield>
      <subfield code="e">author</subfield>
   </datafield>
   <datafield ind2=" " ind1=" " tag="720">
      <subfield code="a">Luque-Aranda, Marta</subfield>
      <subfield code="e">author</subfield>
   </datafield>
   <datafield ind2=" " ind1=" " tag="720">
      <subfield code="a">Heredia-Flores, Víctor Manuel</subfield>
      <subfield code="e">author</subfield>
   </datafield>
   <datafield ind2=" " ind1=" " tag="260">
      <subfield code="c">2024</subfield>
   </datafield>
   <datafield ind2=" " ind1=" " tag="520">
      <subfield code="a">Este trabajo pretende dar a conocer la necesidad de generar nuevas metodologías, contenidos y actividades para fomentar la investigación histórica a través de la asignatura Trabajo Fin de Grado (TFG) en la Facultad de Ciencias Económicas y Empresariales de la Universidad de Málaga. Actualmente, la formación específica en técnicas de investigación que prepara al alumnado para desarrollar con éxito su TFG es insuficiente, y más si nos referimos a temas de investigación histórica. Por ello, el objetivo principal de este trabajo es mostrar diversas actividades diseñadas para que, desde el primer curso de las titulaciones, el estudiantado desarrolle las competencias necesarias para realizar con éxito el TFG en temas de Historia o Historia Económica. Para ello, tras un análisis de la situación actual y de las necesidades del alumnado del área de las Ciencias Económicas y Empresariales, se presentan varias propuestas metodológicas para dar a conocer las fuentes disponibles y mejorar las técnicas de investigación históricas entre el estudiantado.</subfield>
   </datafield>
   <datafield ind1="8" ind2=" " tag="024">
      <subfield code="a">Vázquez-Fariñas, María; Luque-Aranda, Marta; Heredia-Flores, Víctor Manuel (2024): "La investigación histórica en las Ciencias Económicas y Empresariales: aplicación en los Trabajos de Fin de Grado". En A. R. Fernández Paradas; M. Fernández-Paradas; A. Pinto Tortosa (Eds.), Nuevos enfoques para la mejora del proceso de enseñanza-aprendizaje de los Trabajos Fin de Grado en Humanidades, Ciencias Sociales y Educación, pp. 163-178. Dykinson.</subfield>
   </datafield>
   <datafield ind1="8" ind2=" " tag="024">
      <subfield code="a">978-84-1070-693-4</subfield>
   </datafield>
   <datafield ind1="8" ind2=" " tag="024">
      <subfield code="a">https://hdl.handle.net/10630/35436</subfield>
   </datafield>
   <datafield tag="653" ind2=" " ind1=" ">
      <subfield code="a">Proyectos fin de carrera - Metodología</subfield>
   </datafield>
   <datafield tag="653" ind2=" " ind1=" ">
      <subfield code="a">Economía - Historia - Estudio y enseñanza superior</subfield>
   </datafield>
   <datafield tag="653" ind2=" " ind1=" ">
      <subfield code="a">Enseñanza - Innovaciones</subfield>
   </datafield>
   <datafield ind2="0" ind1="0" tag="245">
      <subfield code="a">La investigación histórica en las Ciencias Económicas y Empresariales: aplicación en los Trabajos de Fin de Grado.</subfield>
   </datafield>
</record>
</metadata></record></GetRecord></OAI-PMH>